LEADER 01224nam a2200277 i 4500 001 000000146018 003 CaOOAMICUS 005 20210830103443.0 008 051213s2003 fr u000 u fre u 013 $a122699 040 $aSeMil$bita 100 1 $aMarguerat, Daniel,$d<1943- >.$0(OLS)http://semarc/name/7099 245 10$aPour lire les Récits bibliques /$cDaniel Marguerat ; Yvan Bourquin. 260 $a[S.l.] :$bLabor et Fides,$c2003. 260 $aParis :$bLes Éditions du Cerf,$c2003. 260 $a[S.l.] :$bNovalis,$c2003. 500 $aConfiguration minimale PC compatible sous Windows 98, Explorer 5.5. 650 4$aEsegesi biblica - Metodo narrativo.$0(OLS)http://semarc/subject/17957 700 1 $aBourquin, Yvan.$0(OLS)http://semarc/name/58135 850 $aSeMil 852 $aSeMil$W1$xVenegono$y1$mMM A 17$j224416$B235465$CSeMilBibl$Z2$F235465 $8I 996 $6245$aPour lire les Récits bibliques$9(OLS)http://semarc/title/213484 996 $6260$a[S.l.] :$bLabor et Fides$9(OLS)http://semarc/publisher/42549 996 $6260$a[S.l.] :$bNovalis$9(OLS)http://semarc/publisher/47699 996 $6260$aParis :$bLes Éditions du Cerf$9(OLS)http://semarc/publisher/29611 LEADER 01116nam a2200277 i 4500 001 000000250338 003 CaOOAMICUS 005 20160725000000.0 008 160725s2014 it u000 u ita u 013 $a229243 020 $a978-88-215-9240-9 040 $aSeMil$bita 245 10$aMonasteri d'Europa :$baccoglienza e spiritualità /$cNatale Benazzi (ed.) 260 $aMilano :$bSan Paolo,$c2014. 300 $a203 p. :$bill. ;$c21 cm. 490 0 $aItinerari dello spirito 500 $aAllegato a Famiglia Cristiana. 650 4$aMonasteri - Guide.$0(OLS)http://semarc/subject/1557 650 4$aEuropa - Monasteri.$0(OLS)http://semarc/subject/42955 830 0$aItinerari dello spirito.$0(OLS)http://semarc/title/11552 850 $aSeMil 852 $aSeMil$W1$xVenegono$y1$m4Y I 82$j200684$B200684$CSeMilBibl$Z2$F213420 $81 961 $aOmaggio: Altro 996 $6020$a978-88-215-9240-9$9(OLS)http://semarc/number/260765 996 $6245$aMonasteri d'Europa :$baccoglienza e spiritualità$9(OLS)http://semarc/title/352571 996 $6260$aMilano :$bSan Paolo$9(OLS)http://semarc/publisher/31226